Herby polskich miast - nagła śmierć - Statystyki

Ogólne statystyki
  • Ten quiz został rozwiązany 391 razy
  • Średni wynik to 5 z 16
Answers on the Grid
Answers color-coded by a green-red scale on the quiz's grid according to % correct below.
 
Statystyki odpowiedzi
Odpowiedź % Poprawnych
Gdańsk
44%
Łódź
42%
Warszawa
40%
Kielce
39%
Lublin
36%
Wrocław
34%
Szczecin
32%
Rzeszów
31%
Toruń
31%
Jelenia Góra
27%
Kraków
25%
Gdynia
22%
Zabrze
21%
Białystok
20%
Zakopane
14%
Częstochowa
13%
Nie znaleziono quizów pasujących do podanych kryteriów
Rozkład punktacji
Procent ludzi z każdym wynikiem
Percentyl według liczby udzielonych odpowiedzi
Twoja historia wyników
Nie rozwiązałeś tego quizu